Locations by Letter - J - Statistics

General Stats
  • This quiz has been taken 58,383 times
  • The average score is 13 of 19
Answer Stats
Description Location % Correct
Biggest planet in the solar system Jupiter
100%
The country that brought us Nintendo Japan
96%
Bobsledding country of the Caribbean Jamaica
95%
Judaism's holiest city Jerusalem
95%
Theme park infested with velociraptors Jurassic Park
94%
Neighbor of Israel Jordan
89%
Capital of Indonesia Jakarta
85%
South African metropolis Johannesburg
82%
Indonesian island synonymous with coffee Java
77%
Jungle world inside a board game Jumanji
70%
Capital of Alaska Juneau
63%
City whose walls Joshua blew down with trumpets Jericho
57%
Largest island in the English Channel (not counting the Isle of Wight) Jersey
53%
Denmark's main peninsula Jutland
47%
Memorial located about 1/2 mile south of the Washington Monument Jefferson Memorial
40%
Wyoming "hole" popular with skiers Jackson
35%
Indian city and name for horse-riding pants Jodhpur
34%
Mexican twin city of El Paso Juárez
32%
Region of "Pokémon Gold and Silver" Johto
18%
No matching quizzes found
Score Distribution
Percent of People with Each Score
Percentile by Number Answered
Your Score History
You have not taken this quiz